Statistics for Highest Universities in the US

Click here to take the quiz!

General Stats

  • This quiz has been taken 19 times
    (5 since last reset)
  • The average score is 11 of 30

Answer Stats

ElevationStateCollege% Correct
5,120 ftNMUniversity of New Mexico
100%
7,220 ftWYUniversity of Wyoming
100%
4,625 ftUTUniversity of Utah
100%
5,385 ftCOUniversity of Colorado-Boulder
100%
4,600 ftNVUniversity of Nevada-Reno
80%
4,650 ftUTBrigham Young University
80%
4,780 ftUTUtah State University
60%
5,735 ftCOColorado School of Mines
60%
5,010 ftCOColorado State University
60%
7,000 ftCOUS Air Force Academy
40%
6,900 ftAZNorthern Arizona University
40%
6,400 ftCOUniversity of Colorado-Colorado Springs
40%
4,890 ftMTMontana State University
40%
5,360 ftCOUniversity of Denver
40%
4,625 ftCOColorado Mesa University
20%
4,900 ftIDBrigham Young University-Idaho
20%
7,745 ftCOWestern Colorado University
20%
5,820 ftUTSouthern Utah University
20%
7,545 ftCOAdams State University
20%
6,850 ftCOFort Lewis College
20%
5,120 ftNVGreat Basin College
0%
5,165 ftAZEmbry-Riddle Aeronautical University
0%
4,945 ftCOColorado State University-Pueblo
0%
5,200 ftCOMetropolitan State University of Denver
0%
5,750 ftMTMontana Technological University
0%
6,000 ftNMWestern New Mexico University
0%
4,645 ftUTWeber State University
0%
6,445 ftNMNew Mexico Highlands University
0%
4,620 ftNMNew Mexico Institute of Mining & Technology
0%
5,200 ftCOUniversity of Colorado-Denver
0%

Score Distribution

Percentile by Number Answered

Percent of People with Each Score

Your Score History

You have not taken this quiz since the last reset